| 000 | 00812nam a22002177a 4500 | ||
|---|---|---|---|
| 999 |
_c9676 _d9676 |
||
| 003 | AR-CdUCM | ||
| 008 | 190328b ||||| |||| 00| 0 spa d | ||
| 040 |
_aMUNICIPALIDAD PROVINCIAL DEL CUSCO _cBIBLIOTECA MUNICIPAL DEL CUSCO |
||
| 082 |
_22ed. _a868.6 / _bU42 / 1945 |
||
| 100 |
_aUnamuno, Miguel de _9458 |
||
| 245 | _aLa dignidad humana / | ||
| 260 |
_aBuenos Aires : _bEspasa - calpe Argentina, _c1945. |
||
| 300 |
_a162 páginas ; _c18 cm. |
||
| 440 |
_aColección austral. _9172 |
||
| 505 | _aContenido: La dignidad humana -- La crisis del patriotismo -- La juventud intelectual española -- Civilización y cultura -- La reforma del castellano ... | ||
| 650 |
_aDignidad humana _926036 |
||
| 650 |
_aCivilización y cultura _926037 |
||
| 650 |
_aEducación _9460 |
||
| 942 |
_2ddc _cLIBROS |
||
| 945 | _aacv | ||